JENNIE (BlackPink) - Toutes les chansons - Statistiques

Statistiques générales
  • Ce quiz a été pris 445 fois
    135 depuis la dernière actualisation
  • Le résultat moyen est 16 sur 24
Statistiques - réponses
Hint Réponse % Correct
Ruby 2 like JENNIE
99%
Singles 2018 SOLO
97%
Singles 2023 You & Me
90%
Ruby 6 ExtraL (feat. Doechii)
88%
Ruby 9 ZEN
88%
Ruby 7 Mantra
85%
Ruby 13 Seoul City
85%
Collaborations 2026 Dracula - JENNIE Remix de Tame Impala
76%
Ruby 15 twin
74%
Ruby 4 Handlebars (feat. Dua Lipa)
73%
Ruby 1 Intro: JANE (feat. FKJ)
73%
Ruby 3 start a war
72%
Ruby 12 Filter
70%
Ruby 8 Love Hangover (feat. Dominic Fike)
69%
Ruby 10 Damn Right (feat. Childish Gambino & Kali Chis)
68%
Ruby 14 Starlight
67%
Ruby 5 with the IE (way up)
64%
Collaborations 2024 Spot! de Zico
63%
Ruby 11 F.T.S.
59%
Collaborations 2023 One of the Girls de The Weeknd
57%
Collaborations 2023 Slow Motion de Matt Champion
38%
Collaborations 2013 GG Be (지지베) de Seungri
18%
Collaborations 2013 Special de Lee Hi
18%
Collaborations 2013 Let's Talk About Love Black de G-Dragon
0%
Aucun quiz correspondant
Distribution des résultats
% des personnes avec chaque résultat
Percentile par nombre de réponses
Votre historique - résultats
Vous n’avez pas pris ce quiz depuis la dernière actualisation